[Event "2019 Australian Open"]
[Site "chess24.com"]
[Date "2018.12.27"]
[Round "2.2"]
[White "Lekkas, Frank"]
[Black "Kuybokarov, Temur"]
[Result "0-1"]
[WhiteElo "2039"]
[BlackElo "2513"]

{Undoubtedly the best game of the round.} 1.e4 e5 2.Nf3 Nc6 3.Bc4 Bc5 4.c3 Nf6
5.d3 a6 6.Bb3 O-O 7.h3 d5 8.Qe2 h6 9.Nbd2 Nh5 {Inviting White to try to win a
pawn. _MARK:DIAGRAM_} 10.exd5 Nf4 11.Qe4 f5 12.dxc6+ Kh8 13.cxb7 fxe4
14.bxa8=Q exf3 15.Nxf3 Nxd3+ 16.Ke2 e4 {_MARK:DIAGRAM_} 17.Be3? {17.Qe4! left
White with a slight edge.} Nf4+? (17...exf3+ 18.gxf3 Bxe3 19.fxe3 Re8 20.Rad1
Nf4+ 21.Kf1 Bxh3+ 22.Rxh3 Qxa8 23.exf4) 18.Bxf4 Qd3+ 19.Ke1 exf3 20.Qxf3 Re8+
21.Be3 Bxe3 22.fxe3 Rxe3+ 23.Kf2 Qd2+? (23...Rxf3+ 24.gxf3 Bb7) 24.Kg3 Rxf3+
25.gxf3 $10 h5 26.h4 g5 27.hxg5 Qxg5+ 28.Kf2 h4 29.Rae1 Qg3+ 30.Ke3 h3 31.Reg1
Qe5+ 32.Kf2 Qc5+ 33.Ke2 Bf5 34.Rg3 Qe5+ 35.Kf2 Qf4 36.Rhxh3+ Bxh3 37.Rxh3+ Kg7
38.Rg3+ Kf6 39.Rg4 Qc1 40.Rc4 Qxb2+ 41.Kg3 Qa3 {How can Black win from here
you may ask...} 42.Rc6+ Kf5 43.Bc2+ Ke5 44.Bb3 Qc1 45.Rc4 Qg1+ 46.Kh3 c5
47.Re4+ Kf5 48.Rc4 Qf2 49.f4 a5 50.Ra4 Qe3+ 51.Kg2 Qd2+ 52.Kf3 Qd3+ 53.Kf2
Qxc3 54.Rc4 Qd2+ 55.Kf3 Qd3+ 56.Kf2 Kg4 57.f5+ Kg5 58.Kg2 Qxf5 59.Ra4 Qd3
60.Rc4 Qe3 61.Kf1 Kf6 62.Ra4 Ke7 63.Rc4 Kd6 64.Ra4 Qd2 65.Rc4 Kc6 66.Ba4+ Kd5
67.Bb3 Qd3+ 68.Ke1 Qxc4 69.Bxc4+ Kxc4 {Win or draw? _MARK:DIAGRAM_} 70.Kd2 Kd4
71.Kc2 c4 72.Kd2 c3+ 73.Kc2 Kc4 74.Kc1 Kd3 75.Kd1 Ke3 76.Kc2 Kd4 77.Kc1 Kc5
78.Kb1 Kb4 79.Kc1 Ka4 80.Kc2 Kb4 81.Kc1 a4 82.Kc2 Kc4 {White has 2 moves which
lose and 2 moves which draw and one minute to decide. _MARK:DIAGRAM_} 83.Kc1??
Kd3 {Now it's mate in 9 moves.} 84.Kd1 c2+ 85.Kc1 Kc3 86.a3 Kb3 {#r} 0-1

[Event "2019 Australian Open"]
[Site "chess24.com"]
[Date "2018.12.27"]
[Round "2.5"]
[White "Izzat, Kanan"]
[Black "Borsa, Cristian"]
[Result "1-0"]
[WhiteElo "2496"]
[BlackElo "2017"]

1.d4 Nf6 2.c4 e6 3.g3 d5 4.Nf3 Be7 5.Bg2 O-O 6.O-O dxc4 7.Qc2 a6 8.a4 Bd7
9.Rd1 Bc6 10.Nc3 Bxf3 11.Bxf3 Nc6 12.Bxc6 bxc6 13.a5 Qb8 14.Ra4 Qb3 15.Qxb3
cxb3 16.Rc4 c5 17.dxc5 Rfd8 18.Rxd8+ Rxd8 19.Be3 h6 20.Rb4 Nd5 21.Nxd5 Rxd5
22.Rxb3 Bxc5 23.Bxc5 Rxc5 24.Rb8+ Kh7 25.b4 Rc1+ 26.Kg2 Rb1 27.Rb7 c5 28.Rxf7
cxb4 29.Ra7 b3 30.Rxa6 b2 31.Rb6 Ra1 32.Rxb2 Rxa5 33.Rb6 e5 34.h4 Kg8 35.g4
Kf7 36.Kf3 Ra4 37.Kg3 Ra3+ 38.e3 Ra4 39.Rc6 Ke7 40.Rg6 Kf7 41.h5 Rb4 42.Ra6
Rc4 43.Rd6 Ra4 44.f3 Ke7 45.Rg6 Kf7 46.Rd6 Ke7 47.Rc6 Kf7 48.Rb6 Ke7 49.g5
hxg5 50.e4 Ra1 51.Kg4 Rf1 52.Kf5 Rxf3+ 53.Kg6 g4 54.Rb7+ Ke6 55.Rb6+ Ke7
56.Rb7+ Ke6 57.Rxg7 g3 58.Kg5 Rf1 59.Kh6 Rf6+ 60.Kg5 Rf1 61.Rg6+ Kf7 62.Kh6
Rf3 63.Rg7+ Kf8 64.Rg5 Rf6+ 65.Kh7 Rf7+ 66.Kh8 {Black to play and draw.
_MARK:DIAGRAM_} g2?? {He needed to move the rook (say Rf4) to allow his K to
move between f8 and f7 and achieve the draw.} 67.Rg8+! Ke7 68.Rxg2 Rf4 69.Kg7
Rf7+ 70.Kg6 Rf8 71.Ra2 Rf6+ 72.Kg5 Rf1 73.h6 Rg1+ 74.Kf5 Rh1 75.Ra6 Rh5+
76.Kg6 Rh1 77.Kg7 Rg1+ 78.Rg6 Rf1 79.h7 Rf7+ 80.Kh6 Rf1 81.h8=Q {#r} 1-0

[Event "2019 Australian Open"]
[Date "2018.12.28"]
[Round "2.13"]
[White "Johansen, Darryl"]
[Black "Clarke, Matthew"]
[Result "1-0"]
[WhiteElo "2345"]
[BlackElo "1974"]

1.Nf3 d5 2.c4 c6 3.g3 Nf6 4.b3 Bf5 5.Bg2 Nbd7 6.Bb2 e6 7.O-O Bd6 8.Nc3 O-O
9.d3 dxc4 10.bxc4 e5 11.Nd2 Nc5 12.Na4 Nxa4 13.Qxa4 Nd7 14.Ba3 Qe7 15.Bxd6
Qxd6 16.Rab1 a6 17.Qb4 Nc5? 18.Nb3 b6 19.Qxb6 Nxb3 20.Rxb3 Rfc8 21.Qa5 Bg4
22.h3 Bd7 23.Rfb1 Ra7 24.Rb7 {_MARK:DIAGRAM_} 1-0

[Event "2019 Australian Open"]
[Date "2018.12.28"]
[Round "2.12"]
[White "Hacche, David"]
[Black "Goldenberg, Igor"]
[Result "0-1"]
[WhiteElo "1992"]
[BlackElo "2358"]

1.c4 Nf6 2.Nc3 g6 3.g3 Bg7 4.Bg2 O-O 5.Nf3 d6 6.O-O e5 7.d3 Nc6 8.Rb1 Bf5
9.Nh4 Be6 10.Bg5 h6 11.Bd2 Qd7 12.Nd5 Ne8 13.b4 Bh3 14.b5 Nd8 15.Qc1 Bxg2
16.Nxg2 Kh7 17.Be3 Ne6 18.Qd2 c6 19.bxc6 bxc6 20.Nb4 d5 21.cxd5 cxd5 22.f4 d4
23.Bf2 a5 24.Nc2 N8c7 25.fxe5 Bxe5 26.Na3 Nd5 27.Nc4 Bg7 28.Nb6 Nxb6 29.Rxb6
Ng5 30.Nf4 Be5 31.Be1 Rae8 32.Ng2 Bc7 33.Rbf6 {_MARK:DIAGRAM_} Qg4! 34.R1f3
Be5 35.Ra6 Nxf3+ 36.exf3 Qxf3 37.Rxa5 Bc7 {#R} 0-1

[Event "2019 Australian Open"]
[Date "2018.12.28"]
[Round "3.33"]
[White "Sheddrick, Kevin"]
[Black "Au, Alexander"]
[Result "1-0"]
[WhiteElo "2033"]
[BlackElo "1789"]

1.d4 d5 2.Nc3 Nf6 3.Bg5 Bf5 4.e3 e6 5.Bd3 Bxd3 6.cxd3 Be7 7.Qb3 Nc6 8.f4 O-O
9.Nf3 Ng4 10.Ke2 h6 11.Bxe7 Nxe7 12.h3 Nf6 13.Qxb7 Rb8 14.Qxa7 Rxb2+ 15.Nd2
Nf5 16.Rhb1 Ng3+ 17.Kd1 Rxb1+ 18.Rxb1 Ne8 19.Rb8 Qf6 20.Qa6 Qe7 21.a4 Nf5
22.Ke2 c5 23.dxc5 Qxc5 24.Nd1 {#r} 1-0

[Event "2019 Australian Open"]
[Date "2018.12.28"]
[Round "3.14"]
[White "Stojic, Dusan"]
[Black "Sravan, Renjith"]
[Result "1-0"]
[WhiteElo "2275"]
[BlackElo "1901"]

1.Nf3 Nf6 2.c4 e6 3.g3 g6 4.b3 Bg7 5.Bb2 O-O 6.Bg2 c5 7.O-O d5 8.cxd5 Nxd5
9.Bxg7 Kxg7 10.Qc1 b6 11.d4 cxd4 12.Nxd4 Bb7 13.Rd1 Qe7 14.Qb2 Kg8 15.e4 Nf6
16.Nc3 Rd8 17.e5 Nd5 18.Ne4 a6 19.Nf6+ Kg7 20.Rac1 Ra7 21.h4 Nd7 22.Bxd5 exd5
23.Nxd7 Rxd7 24.e6 {#r} 1-0

[Event "2019 Australian Open"]
[Date "2018.12.28"]
[Round "3.13"]
[White "Chow, Sam"]
[Black "Khaled, Omar"]
[Result "1-0"]
[WhiteElo "2331"]
[BlackElo "1890"]

1.d4 Nf6 2.c4 g6 3.Nc3 Bg7 4.g3 d6 5.Bg2 c6 6.e3 O-O 7.Nge2 Nbd7 8.O-O e5 9.b3
Re8 10.Ba3 Bf8 11.Qc2 e4 12.d5 cxd5 13.cxd5 Qa5 14.Bb2 Nc5 15.a3 Qa6 16.b4 Qd3
17.Qd1 Qxd1 18.Raxd1 Na6 19.Nb5 Ng4 20.Rc1 Bd7 21.Nc7 Nxc7 22.Rxc7 Bb5 23.Re1
b6 24.Nf4 {_MARK:DIAGRAM_} Ne5? 25.Bxe4 Nc4 26.Bd3 Nxb2 27.Bxb5 Rec8 28.Rec1
Rxc7 29.Rxc7 a6 30.Bc6 Rb8 31.Ra7 a5 32.bxa5 bxa5 33.Rxa5 g5 34.Nh5 Be7 35.Rb5
Rxb5 36.Bxb5 f5 37.Bd7 Nc4 38.a4 Nb6 39.Be6+ Kf8 40.a5 Na8 41.Bxf5 h6 42.Bd7
Bd8 43.Bc6 Nc7 44.g4 Kf7 45.Kg2 Na6 46.Bb7 Nc5 47.a6 Bb6 48.f4 Ne4 49.Ng3 Nxg3
50.Kxg3 Bxe3 51.fxg5 hxg5 52.h4 gxh4+ 53.Kxh4 Kf6 54.Kh5 Kg7 55.g5 Bd4 56.Bc6
Bc5 57.Bb5 Bd4 58.Bd3 Bc5 59.Kg4 Bd4 60.Be4 Kf7 61.Kf3 Ke7 62.g6 Kf6 63.Ke2
Ke7 64.Kd3 {#r} 1-0

[Event "2019 Australian Open"]
[Site "chess24.com"]
[Date "2018.12.28"]
[Round "3.1"]
[White "Wengholm, Anders"]
[Black "Smirnov, Anton"]
[Result "0-1"]
[WhiteElo "2209"]
[BlackElo "2553"]

1.c4 e5 2.Nc3 Nc6 3.e3 Nf6 4.Nf3 Bb4 5.Nd5 e4 6.Nxb4 Nxb4 7.Nd4 c5 8.Nb5 d5
9.cxd5 Bg4 10.Qa4 Qa5 11.Qb3 O-O 12.Nc3 a6 13.h3 Bh5 14.g4 Bg6 15.Qd1 Nd7
16.Be2? {This allows Black to establish a N on d3.   16.a3 was better.} Ne5
17.O-O f5 18.a3 fxg4 {_MARK:DIAGRAM_} 19.hxg4? {Everyone takes back!  19.axb4
Qxa1 20.bxc5 would have given White the smell of some play.} Nbd3 {19...Qd8 as
also good.} 20.f4?! {desperation.} exf3 21.Bxf3 Rxf3? (21...Qd8!) 22.Rxf3
Nxf3+ 23.Qxf3 Rf8 24.Qg3 Qb6 25.g5 Qd8 26.b4 Rf5 {#R} 0-1

[Event "2019 Australian Open"]
[Site "chess24.com"]
[Date "2018.12.28"]
[Round "3.2"]
[White "Kuybokarov, Temur"]
[Black "Zulfic, Fedja"]
[Result "1/2-1/2"]
[WhiteElo "2513"]
[BlackElo "2204"]

1.d4 Nf6 2.c4 g6 3.Nc3 d5 4.cxd5 Nxd5 5.e4 Nxc3 6.bxc3 Bg7 7.Qa4+ c6 8.Nf3 O-O
9.Be2 c5 10.O-O Nc6 11.e5 cxd4 12.cxd4 Be6 13.Be3 Qa5 14.Qxa5 Nxa5 15.Rfb1 b6
16.Ng5 Bd5 17.Nh3 Nc4 18.Nf4 Nxe3 19.fxe3 Bb7 20.a4 Be4 21.Rc1 Rac8 22.Ba6 Rc2
23.Rxc2 Bxc2 24.Bb5 Rc8 25.Nd5 Bf8 26.Ba6 Rc6 27.Nb4 Rc3 28.Rc1 e6 29.Nxc2 Ba3
30.Nxa3 Rxc1+ 31.Kf2 Ra1 32.Nc4 Rxa4 33.Bb5 Rb4 34.Ba6 Ra4 35.Bb5 Rb4 36.Ba6
{Would you play on.  The computer says after 36...Ra4 37.Bb5 Ra2+ Black is
better. _MARK:DIAGRAM_} {#d} 1/2-1/2

[Event "2019 Australian Open"]
[Site "chess24.com"]
[Date "2018.12.28"]
[Round "3"]
[White "Dragicevic, Domagoj"]
[Black "Cheng, Bobby"]
[Result "0-1"]
[WhiteElo "2193"]
[BlackElo "2510"]

1.e4 g6 2.d4 Bg7 3.Nc3 d6 4.Be3 a6 5.Qd2 Nd7 6.h4 h6 7.f4 h5 8.Nf3 b5 9.Ng5
Nh6 10.a4 b4 11.Nd5 a5 12.f5 gxf5 13.Nf4 Nf6 14.Bb5+ Kf8 15.Bc6 Rb8
{_MARK:DIAGRAM_} 16.O-O-O fxe4 17.d5 b3 18.c3 Nhg4 19.Ba7 Bf5 20.Bxb8 Qxb8
21.Qe2 Qb6 22.Rhe1 e5 23.Nfh3 Ke7 24.Qb5 e3 25.Rf1 Bg6 26.Qc4 Bh6 27.Qe2 Ne4
28.Nxe4 Bxe4 29.Ng5 Bg6 30.Bb5 Nf2 31.Rde1 f6 32.Nf3 Bc2 33.Nd4 Be4 34.Nxb3
Bxd5 35.Nd4 Be4 36.Nc2 c6 37.Bc4 d5 {#R} 0-1

[Event "2019 Australian Open"]
[Site "chess24.com"]
[Date "2018.12.28"]
[Round "3.5"]
[White "Maguire, Tom"]
[Black "Izzat, Kanan"]
[Result "1-0"]
[WhiteElo "2068"]
[BlackElo "2496"]

1.d4 Nf6 2.c4 e6 3.g3 d5 4.Nf3 dxc4 5.Bg2 Bd7 6.Ne5 Bc6 7.Nxc6 Nxc6 8.Qa4 Qd7
9.Bxc6 Qxc6 10.Qxc6+ bxc6 11.O-O Rb8 12.Nd2 Rb4 13.a3 Ra4 14.Nf3 Bd6 15.Bd2
O-O 16.Rfc1 Rb8 17.Rc2 Ne4 18.Rac1 c3 19.Bxc3 Nxc3 20.Rxc3 Rxb2 21.Rxc6 h6
22.R1c2 Rxc2 23.Rxc2 Kf8 24.e4 Rxa3 25.Kg2 a5 26.e5 Bb4 27.Rxc7 Ra2 28.Kf1 a4
29.d5 exd5 30.Nd4 Kg8 31.e6 fxe6 32.Nxe6 a3 33.Rxg7+ Kh8 34.Ra7
{_MARK:DIAGRAM_} Rd2? {34...Rc2!} 35.Ra8+ Kh7 36.Nf4 Bd6 37.Ke1 Bb4 38.Kf1 d4
39.Ra7+ Kg8 40.Nd5 {_MARK:DIAGRAM_} Bd6? {The turning point...White is now
better.} (40...a2 41.Nxb4 Rd1+ 42.Ke2 a1=Q 43.Rxa1 Rxa1 44.Kf3 Re1 45.Nc2 Rh1
46.Nxd4 Rxh2) 41.Nf6+ Kf8 42.Ne4 Rc2 43.Nxd6 a2 44.Kg2 d3 45.Nf5 Re2 46.Kf3
Rb2 47.Ne3 d2 48.Nd1 Rb1 49.Rxa2 Rxd1 50.h4 Kg7 51.Ke2 Re1+ 52.Kxd2 Re5 53.Ra3
h5 54.Re3 Ra5 55.Ke2 Rf5 56.Re6 Kf7 57.Ra6 Kg7 58.Kf1 Kh7 59.Kg2 Rb5 60.Rf6
Kg7 61.Rf4 Kg6 62.Rf3 Ra5 63.Rb3 Ra2 64.Kf3 Rc2 65.Rb6+ Kg7 66.Re6 Ra2 67.Ke3
Ra4 68.f3 Kf7 69.Re4 Ra5 70.Kf4 Kf6 71.g4 hxg4 72.fxg4 Ra6 73.g5+ Kg6 74.Kg4
Ra7 75.h5+ Kg7 76.h6+ Kg6 77.Re6+ Kh7 78.Kh5 Ra5 79.Re7+ Kg8 80.Kg6 Ra8 81.Re6
Rf8 82.Kh5 Rf1 83.Ra6 Rf5 84.Rf6 Ra5 85.Kg4 Ra4+ 86.Rf4 Ra6 87.Rf5 Kh7 88.Kh5
Ra8 89.g6+ Kh8 90.g7+ Kh7 91.Rf8 Rxf8 92.gxf8=N+ {#r} 1-0

[Event "2019 Australian Open"]
[Site "chess24.com"]
[Date "2018.12.28"]
[Round "3"]
[White "Papin, Vasily"]
[Black "Winkelman, Albert"]
[Result "1-0"]
[WhiteElo "2483"]
[BlackElo "2075"]

1.c4 Nf6 2.Nc3 e6 3.Nf3 d5 4.e3 c5 5.cxd5 exd5 6.d4 a6 7.g3 Nc6 8.Bg2 Be7
9.O-O O-O 10.Ne5 Qc7 11.Nxc6 bxc6 12.dxc5 Bxc5 13.Qc2 Qe5 14.Nxd5 cxd5 15.Qxc5
Qh5 16.Qd4 Bh3 17.Bd2 Rfe8 18.f3 Bxg2 19.Kxg2 Rac8 20.Rac1 Qf5 21.Rxc8 Rxc8
22.Bc3 Re8 23.Qd2 h5 24.Bd4 Rc8 25.Rc1 Rxc1 26.Qxc1 Qd3 27.Kf2 h4 28.gxh4 Nh5
29.Qf1 Qf5 30.Qxa6 Nf6 31.Bxf6 gxf6 32.Qe2 Qe5 33.Ke1 f5 34.Kd1 f4 35.exf4
Qxf4 36.Kc2 Qa4+ 37.Kb1 Qd4 38.a3 Qc5 39.Qe8+ Kg7 40.Qe5+ Kg8 41.h5 Qg1+
42.Ka2 {#r} 1-0

[Event "2019 Australian Open"]
[Site "chess24.com"]
[Date "2018.12.28"]
[Round "3"]
[White "Yang, Ray"]
[Black "Liu, Xiangyi"]
[Result "1/2-1/2"]
[WhiteElo "2065"]
[BlackElo "2439"]

1.d4 Nf6 2.c4 g6 3.g3 Bg7 4.Bg2 d5 5.cxd5 Nxd5 6.Nf3 Nb6 7.O-O Nc6 8.e3 O-O
9.Nc3 a5 10.b3 e5 11.Nxe5 Nxe5 12.dxe5 Bxe5 13.Bb2 c6 14.Na4 Bxb2 15.Nxb2 a4
16.Qc2 Be6 17.Nd3 Qf6 18.Rab1 Ra7 19.Nc5 axb3 20.axb3 Rfa8 21.Qd2 Nd5 22.Bxd5
cxd5 23.Nxe6 fxe6 24.Rfc1 Qf5 25.Rb2 Qe4 26.Rbc2 e5 27.Rc8+ Rxc8 28.Rxc8+ Kg7
29.Rc1 Ra6 30.Rd1 Rd6 31.Qd3 Qf3 32.Rd2 Kf6 33.b4 Ke6 34.b5 Qe4 35.Qb3 Qc4
36.Qb1 Rb6 37.Rb2 Kd7 38.Rb4 Qc5 39.Qb2 Ke6 40.Qb3 Ke7 41.Qb2 Kd6 42.Kg2 Ke6
43.Qb3 Rd6 44.e4 b6 45.Ra4 Rd7 46.Ra6 Kd6 47.exd5 Rb7 48.Ra2 Qxd5+ 49.Qxd5+
Kxd5 50.Rc2 {#d} 1/2-1/2

[Event "2019 Australian Open"]
[Site "chess24.com"]
[Date "2018.12.28"]
[Round "3"]
[White "Ikeda, Junta"]
[Black "Cannon, David"]
[Result "1-0"]
[WhiteElo "2421"]
[BlackElo "2052"]

1.Nf3 Nf6 2.c4 g6 3.g3 Bg7 4.Bg2 O-O 5.O-O d6 6.d4 a6 7.Nc3 Nc6 8.Bf4 Rb8
9.Rc1 Bd7 10.c5 Nh5 11.Bg5 dxc5 12.dxc5 h6 13.Be3 Qc8 14.a3 Rd8 15.Bd2 e5
16.Qc2 Be6 17.Nd1 Kh7 18.b4 f5 19.Bc3 e4 20.Ne1 Nd4 21.Bxd4 Rxd4 22.f3 Qd7
23.c6 bxc6 24.fxe4 Rd2 25.Qa4 fxe4 26.e3 Rd8 27.Nf2 Bb2 28.Rc5 Nf6 29.Qxa6 Bd5
30.b5 cxb5 31.Qa5 Bc6 32.Ned3 Re2 33.Nxb2 Rxb2 34.Qc3 Rxf2 35.Rxf2 Nd5 36.Qc1
Ne7 37.Rf7+ Kg8 38.Rxe7 Qxe7 39.Rxc6 Qe5 40.Rxg6+ Kh7 41.Rg4 {#r} 1-0

[Event "2019 Australian Open"]
[Site "chess24.com"]
[Date "2018.12.28"]
[Round "3"]
[White "Dowden, R. Anthony"]
[Black "Bjelobrk, Igor"]
[Result "1/2-1/2"]
[WhiteElo "2044"]
[BlackElo "2401"]

1.c4 e6 2.g3 d5 3.Bg2 Nf6 4.Nf3 dxc4 5.Qa4+ c6 6.Qxc4 b5 7.Qc2 Bb7 8.b3 Nbd7
9.Bb2 Be7 10.O-O O-O 11.a3 Qb6 12.d3 Rfc8 13.Nbd2 a5 14.a4 Nd5 15.Rfc1 Ba6
16.Ne4 h6 17.Rab1 f5 18.Nc3 Nb4 19.Qd2 Rab8 20.Ba1 Rd8 21.Na2 bxa4 22.bxa4 c5
23.Ne5 Nxe5 24.Bxe5 Rbc8 25.Qb2 Bf8 26.Nc3 c4 27.dxc4 Bxc4 28.Nd1 Qa6 29.Bf3
Bd5 30.Bxd5 Rxd5 31.Ne3 Rdc5 32.Rxc5 Rxc5 33.Bd4 Rc8 34.Rc1 Rxc1+ 35.Qxc1 Qxe2
36.Qc8 Qa6 37.Qxa6 Nxa6 38.Nc4 Bc5 39.Be5 Bb4 40.Bd4 Nb8 41.Ne5 Bd6 42.Nc4 Bc7
43.Ne5 Bxe5 44.Bxe5 Nc6 45.Bc3 e5 46.Kf1 Kf7 47.Ke2 Ke6 48.f4 exf4 49.Bxg7
fxg3 50.hxg3 h5 51.Ke3 Nb4 52.Kf4 Nd3+ 53.Kg5 Nc5 54.Kxh5 Nxa4 55.Kg5 Nc5
56.g4 fxg4 57.Kxg4 Kd5 58.Kf3 Nb3 59.Ke2 Kc4 60.Kd1 Kd5 {#d} 1/2-1/2

[Event "2019 Australian Open"]
[Site "chess24.com"]
[Date "2018.12.28"]
[Round "3.9"]
[White "Eng, Jia Qian"]
[Black "Dale, Ari"]
[Result "1/2-1/2"]
[WhiteElo "1942"]
[BlackElo "2371"]

1.d4 d5 2.c4 c5 3.cxd5 Qxd5 4.Nf3 cxd4 5.Qxd4 Qxd4 6.Nxd4 a6 7.Nc3 Nf6 8.e4 e5
9.Nb3 Bb4 10.f3 Be6 11.Be3 Nbd7 12.Be2 Rc8 13.Rc1 Ke7 14.Kf2 Bxc3 15.bxc3 b5
16.Nd2 Nc5 17.c4 b4 18.Nb3 Nfd7 19.Bd2 Rb8 20.Na5 Rb6 21.Bxb4 Rhb8 22.a3 f5
23.Rhd1 Kf6 24.exf5 Kxf5 25.Rd2 Rxb4 26.axb4 Rxb4 27.Rcd1 Ra4 28.Nc6 Bxc4
29.Bxc4 Rxc4 30.Rd6 Nf6 {_MARK:DIAGRAM_} 31.Nd8? Rc2+? (31...Nfe4+ 32.fxe4+
Nxe4+ 33.Ke3 Nxd6 34.Rxd6 Rc2 {should draw.}) 32.R6d2 Rxd2+ 33.Rxd2 Nfe4+
34.fxe4+ Nxe4+ 35.Ke3 Nxd2 36.Kxd2 a5 37.Ke3 a4 38.Nc6 a3 39.Nb4 h5 40.Na2 g6
{#d} 1/2-1/2

[Event "2019 Australian Open"]
[Site "chess24.com"]
[Date "2018.12.28"]
[Round "3.11"]
[White "Goldenberg, Igor"]
[Black "Cronin, Henry"]
[Result "1/2-1/2"]
[WhiteElo "2358"]
[BlackElo "1933"]

1.Nf3 d5 2.d4 Nf6 3.c4 e6 4.Nc3 Be7 5.Bg5 O-O 6.e3 h6 7.Bh4 b6 8.Be2 Bb7 9.Rc1
dxc4 10.Bxc4 Nbd7 11.O-O c5 12.Qe2 Ne4 13.Bxe7 Qxe7 14.Nxe4 Bxe4 15.dxc5 Nxc5
16.Nd4 Rfd8 17.f3 Bb7 18.b4 Nd7 19.Ba6 Nf6 20.Bxb7 Qxb7 21.Nc6 Rd7 22.b5 a6
23.a4 axb5 24.axb5 Ra3 25.e4 Qa8 26.Qf2 Ra2 27.Rc2 Ra1 28.g3 Rxf1+ 29.Kxf1 Qa4
30.Qe2 Qa1+ 31.Kg2 Rd1 32.Rd2 Rg1+ 33.Kf2 Rh1 34.Kg2 Rg1+ 35.Kh3 g5 36.Ra2 Qc1
37.Rc2 Qb1 38.Rb2 Qc1 39.Rc2 Qa1 40.Ra2 {_MARK:DIAGRAM_} {#d} 1/2-1/2

[Event "2019 Australian Open"]
[Site "chess24.com"]
[Date "2018.12.28"]
[Round "3.4"]
[White "Tan, Justin"]
[Black "Nakauchi, Gene"]
[Result "1-0"]
[WhiteElo "2502"]
[BlackElo "2190"]

1.e4 c5 2.Nf3 e6 3.d4 cxd4 4.Nxd4 a6 5.c4 Nf6 6.Nc3 d6 7.Be3 b6 8.Be2 Bb7 9.f3
Nbd7 10.Qd2 Rc8 11.O-O Be7 12.Rfc1 O-O 13.Qe1 Kh8 14.Qf2 g5 15.Bxg5 Rg8 16.Be3
Nh5 17.Qf1 Bh4 18.f4 Nhf6 19.Nf3 Ng4 20.Nxh4 Nxe3 21.Qf2 Ng4 22.Bxg4 Rxg4
23.Nf3 Qf6 24.Rf1 Rxf4 25.Qe3 Rg4 26.Rf2 Qg7 27.Re1 Rxc4 28.h3 Rg3 29.Qf4 Rc8
30.Ne2 Rg6 31.Qxd6 Nc5 32.Ne5 Nxe4 33.Nxg6+ fxg6 34.Qxb6 Nxf2 35.Kxf2 e5
36.Kg1 Qe7 37.Nc3 Rc4 38.Rd1 Kg7 39.Qe3 Qc7 40.Qf2 h5 41.Rd3 Qe7 42.Kh2 e4
43.Re3 Qe5+ 44.Kg1 Rd4 45.Re1 Qf6 46.Qg3 Rd7 47.Rf1 Qd4+ 48.Kh1
{_MARK:DIAGRAM_} e3?? {Just about every other move draws.} 49.Rd1 Qxd1+
50.Nxd1 Rxd1+ 51.Kh2 e2 {and Black lost on time before White could play
52.Qe5+} {#t} 1-0

[Event "2019 Australian Open"]
[Date "2018.12.28"]
[Round "3.12"]
[White "Scholz, Phillip"]
[Black "Johansen, Darryl"]
[Result "0-1"]
[WhiteElo "1926"]
[BlackElo "2345"]

1.d4 Nf6 2.Nf3 e6 3.Bf4 b6 4.e3 Bb7 5.c4 Bb4+ 6.Nc3 Ne4 7.Qb3 Bxc3+ 8.bxc3 d6
9.a4 O-O 10.a5 Nd7 11.Be2 Qe7 12.h3 f5 13.c5 Kh8 14.Bb5 dxc5 15.a6 Bd5 16.c4
c6 17.cxd5 cxb5 18.dxe6 c4 19.Qxb5 Qxe6 20.d5 Qf7 21.Rc1 Rac8 22.d6 Rc5 23.Qb4
Qf6 24.O-O g5 25.Bh2 c3 26.Nd4 f4 27.exf4 gxf4 28.Nb3 Re5 29.Rfe1 Rfe8 30.f3
Ng3 31.Bxg3 fxg3 32.Rxe5 Qxe5 33.Qd4 Rc8 34.Kf1 Qxd4 35.Nxd4 Rc5 36.Ne2 c2
37.Ke1 b5 38.Kd2 Rc6 39.Rxc2 Rxd6+ 40.Ke3 Rxa6 41.Nxg3 Nb6 42.Nf5 Nc4+ 43.Kd4
Re6 44.g4 Kg8 45.Kd5 Re7 46.Ra2 a5 47.Nd4 Re5+ 48.Kc6 b4 49.f4 Re3 50.Kb5 Nd6+
51.Kxa5 Re4 {_MARK:DIAGRAM_} 52.Ne2?? {52.Nb3 was fine.} b3! 53.Ra1 Rxe2
54.Rb1 b2 55.Kb4 Ne4 56.f5 Rh2 57.Ka3 Nd2 {#R} 0-1

[Event "2019 Australian Open"]
[Date "2018.12.28"]
[Round "3.17"]
[White "Zou, Brendan"]
[Black "Ryjanova, Julia"]
[Result "0-1"]
[WhiteElo "2008"]
[BlackElo "2308"]

1.e4 c6 2.Nc3 d5 3.Nf3 Bg4 4.h3 Bxf3 5.Qxf3 Nf6 6.d3 e6 7.Bd2 Bb4 8.g4 d4
9.Nb1 Qb6 10.c3 Ba5 11.Bc1 c5 12.Bg2 Nc6 13.O-O dxc3 14.bxc3 Rd8 15.Rd1 h6
16.Na3 Bxc3 17.Rb1 Nd4 18.Qe3 Qc7 19.e5 Nd5 20.Qe4 Bb4! {_MARK:DIAGRAM_}
21.Bb2? Bxa3 22.Bxd4 cxd4 23.Rb3 Bc5 24.Rdb1 b6 25.R1b2 h5 26.f4 hxg4 27.f5
exf5 28.Qxf5 Ne3 29.Qg5 gxh3 30.Qxg7 h2+ 31.Kh1 Rf8 32.e6 Nxg2 33.Rxg2 Qc6
34.Rb2 Be7 35.exf7+ Rxf7 36.Qh8+ Rf8 37.Qh5+ Kd7 38.Qh3+ Qe6 39.Qxe6+ Kxe6
40.Rbe2+ Kd6 41.Rg4 Bf6 42.Rge4 Kd7 43.Kxh2 Rg8 44.Rf4 Rg6 45.Kh1 Rh8+ 46.Rh2
Rxh2+ 47.Kxh2 Be5 {White resigned .... about time too...} {#R} 0-1

[Event "2019 Australian Open"]
[Site "chess24.com"]
[Date "2018.12.28"]
[Round "4.5"]
[White "Kuybokarov, Temur"]
[Black "Maguire, Tom"]
[Result "1-0"]
[WhiteElo "2513"]
[BlackElo "2068"]

1.d4 Nf6 2.c4 c5 3.d5 b5 4.cxb5 a6 5.bxa6 g6 6.Nc3 Bxa6 7.e4 Bxf1 8.Kxf1 d6
9.g3 Bg7 10.Kg2 O-O 11.Nf3 Na6 12.a4 Qc8 13.Qe2 Nb4 14.Nb5 Ne8 15.Bd2 Na6
16.Bc3 Nec7 17.Na3 Nb4 18.Nc4 Qa6 19.h4 h5 20.Ng5 e6 21.dxe6 fxe6 22.Rhd1 Rad8
23.Bxb4 cxb4 24.Qc2 Qc6 25.Rac1 d5 26.Ne3 Qxc2 27.Rxc2 d4 28.Nf1 Rd7 29.Rdc1
Be5 {_MARK:DIAGRAM_} 30.Nf3 Bd6 31.e5 d3 32.Rc6 Rdf7 33.exd6 Nd5 34.N1d2 e5
35.Rc8 e4 36.Rxf8+ {#r} 1-0

[Event "2019 Australian Open"]
[Date "2018.12.29"]
[Round "4.8"]
[White "Nakanchi, Gene"]
[Black "Beamont, David"]
[Result "1-0"]
[WhiteElo "2190"]
[BlackElo "1985"]

1.e4 c5 2.Nf3 d6 3.d4 cxd4 4.Nxd4 Nf6 5.Nc3 g6 6.Be3 Bg7 7.Be2 O-O 8.O-O Nc6
9.Nb3 d5 10.exd5 Nb4 11.Bf3 Bf5 12.Nd4 Bc8 13.Nb3 Bf5 14.Rc1 Rc8 15.Nd4 Rxc3
16.bxc3 Nxa2 17.Nxf5 gxf5 18.Ra1 Nxc3 19.Qd3 Nfxd5 20.Rxa7 f4 21.Bd2 Qb6
22.Bxc3 Nxc3 23.Rxb7 Qc5 24.Rd7 e6 25.h3 Bf6 26.Bg4 Rc8 27.Bxe6 {#r} 1-0

[Event "2019 Australian Open"]
[Date "2018.12.29"]
[Round "4.13"]
[White "Cronin, Henry"]
[Black "Liu, Xiangyi"]
[Result "0-1"]
[WhiteElo "1933"]
[BlackElo "2439"]

1.e4 e6 2.d4 d5 3.Nc3 Nf6 4.Bg5 Bb4 5.e5 h6 6.Bh4 g5 7.Bg3 Ne4 8.Ne2 c5 9.a3
Ba5 10.dxc5 Nxc3 11.Nxc3 Bxc3+ 12.bxc3 Qa5 13.Qd2 Qxc5 14.h4 Rg8 15.hxg5 hxg5
16.Be2 Bd7 17.Rb1 b6 18.Rh7 Nc6 19.Bh5 O-O-O 20.Rxf7 Rh8 21.Be2 Rh1+ 22.Bf1
Rdh8 23.Qd3 {_MARK:DIAGRAM_} Rxf1+ 24.Qxf1 Qxc3+ 25.Kd1 Nd4 26.Qa6+ Kb8
27.Rxb6+ axb6 28.Qxb6+ Kc8 29.Qa6+ Kd8 30.Rxd7+ Kxd7 31.Qa7+ Ke8 32.Qa4+ Kf7
33.Qd7+ Kg6 {#R} 0-1

[Event "2019 Australian Open"]
[Site "chess24.com"]
[Date "2018.12.28"]
[Round "4.3"]
[White "Johansen, Darryl K"]
[Black "Tan, Justin"]
[Result "1/2-1/2"]
[WhiteElo "2345"]
[BlackElo "2502"]

1.c4 e6 2.Nf3 d5 3.g3 dxc4 4.Qa4+ Bd7 5.Qxc4 c5 6.Ne5 Nc6 7.Nxd7 Qxd7 8.Bg2
Nf6 9.d3 Rc8 10.Be3 Nd4 11.Bxd4 cxd4 12.Qb3 Rc1+ 13.Kd2 Rc7 14.Na3 a6 15.Rhc1
Bc5 16.Nc4 b5 17.Ne5 Qd6 18.Nf3 h5 19.Ke1 h4 20.Kf1 hxg3 21.hxg3 Ng4 22.a4 b4
23.Rc4 Ke7 24.Rac1 Rhc8 25.Qd1 Ne5 {_MARK:DIAGRAM_} {#d} 1/2-1/2

[Event "2019 Australian Open"]
[Site "chess24.com"]
[Date "2018.12.28"]
[Round "4.4"]
[White "Stojic, Dusan"]
[Black "Papin, Vasily"]
[Result "0-1"]
[WhiteElo "2275"]
[BlackElo "2483"]

1.e4 c5 2.Nf3 e6 3.d4 cxd4 4.Nxd4 a6 5.Bd3 Nf6 6.O-O Qc7 7.Nc3 d6 8.a4 b6
9.Be3 Nbd7 10.g4 h6 11.f4 Bb7 {White is going OK but now makes the mistake of
further exposing his King. _MARK:DIAGRAM_} 12.g5? hxg5 13.fxg5 d5 14.Rf2 Nxe4
15.Bxe4 dxe4 16.g6 Nf6 17.a5 b5 18.gxf7+ Qxf7 19.Qe2 Bd6 20.Raf1 b4 21.Na4
Qg6+ 22.Rg2 {Black to play and win... _MARK:DIAGRAM_} Bxh2+! 23.Kf2 Bg3+
24.Kg1 Rh3 25.Bf4 e3 26.Nf3 Bf2+ (26...Qh7!) 27.Rxf2 exf2+ 28.Kxf2 Ng4+ {#R}
0-1